[Event "Eindhoven WLC op 12th"]
[Site "Eindhoven"]
[Date "2022.05.15"]
[Round "5"]
[White "Plasmans, Bart"]
[Black "Geboers, Jimmy"]
[Result "0-1"]
[WhiteElo "1775"]
[BlackElo "1845"]
[PlyCount "102"]
[EventDate "2022.05.13"]
[EventType "swiss"]
[EventRounds "6"]
[EventCountry "NED"]
[SourceTitle "CBM 208 Extra"]
[Source "ChessBase"]
[SourceDate "2022.07.31"]
[SourceVersion "1"]
[SourceVersionDate "2022.07.31"]
[SourceQuality "1"]

1. e4 e6 2. d4 d5 3. e5 c5 4. c3 Nc6 5. Nf3 Qb6 6. a3 a5 7. Be2 Nh6 8. Bxh6 Qxb2 9. Be3 Qxa1 10. Qc2 cxd4 11. Nxd4 Nxd4 12. Bxd4 Bxa3 13. Bb5+ Bd7 14. Bxd7+ Kxd7 15. Qa4+ Kc8 16. 0-0 Bb2 17. Qb5 Ba3 18. Nxa3 Qxa3 19. Bc5 Qa2 20. Rb1 Rb8 21. Ba7 Qc4 22. Qxa5 Qc7 23. Qb4 Ra8 24. Bb6 Qc6 25. h3 Ra6 26. Be3 Rd8 27. Qe7 Qd7 28. Qc5+ Qc7 29. Qb4 Rc6 30. Bd4 Kd7 31. f4 g6 32. Kf2 Ra8 33. Kf3 Ke8 34. g4 Rc8 35. Rb3 Rc4 36. Qb5+ Qc6 37. Qa5 Ra4 38. Qb6 Qxb6 39. Rxb6 Rc7 40. Ke3 Ra6 41. Rb3 Kd7 42. Kd3 Kc6 43. Rb2 b5 44. f5 Ra3 45. fxe6 fxe6 46. Rf2 b4 47. Rf6 Kd7 48. Rf7+ Kc8 49. Rf6 bxc3 50. Bxc3 Raxc3+ 51. Kd2 R3c6 0-1

[Event "Eindhoven WLC op 12th"]
[Site "Eindhoven"]
[Date "2022.05.13"]
[Round "1"]
[White "Becx, Cesar"]
[Black "Plasmans, Bart"]
[Result "1-0"]
[WhiteElo "2101"]
[BlackElo "1775"]
[PlyCount "59"]
[EventDate "2022.05.13"]
[EventType "swiss"]
[EventRounds "6"]
[EventCountry "NED"]
[SourceTitle "CBM 208 Extra"]
[Source "ChessBase"]
[SourceDate "2022.07.31"]
[SourceVersion "1"]
[SourceVersionDate "2022.07.31"]
[SourceQuality "1"]

1. f4 e5 2. fxe5 d6 3. Nf3 dxe5 4. e4 Bc5 5. Bc4 Nc6 6. Qe2 Qe7 7. c3 a6 8. b4 Ba7 9. a4 Nf6 10. Ba3 Nd8 11. b5 Bc5 12. Bxc5 Qxc5 13. bxa6 bxa6 14. d4 exd4 15. cxd4 Qb4+ 16. Nbd2 0-0 17. 0-0 h5 18. e5 Ng4 19. Ng5 Qc3 20. Ndf3 Rb8 21. Rae1 Bf5 22. e6 fxe6 23. Nxe6 Nxe6 24. Bxe6+ Bxe6 25. Qxe6+ Kh8 26. Qg6 Nf6 27. Re7 Rg8 28. Rf7 Qe3+ 29. Kh1 Qe2 30. Re1 1-0

[Event "Eindhoven WLC op 8th"]
[Site "Eindhoven"]
[Date "2017.04.08"]
[Round "2"]
[White "Van Meegen, Ruud"]
[Black "Plasmans, Bart"]
[Result "1-0"]
[WhiteElo "2224"]
[BlackElo "1938"]
[PlyCount "53"]
[EventDate "2017.04.07"]
[EventType "swiss"]
[EventRounds "6"]
[EventCountry "NED"]
[SourceTitle "CBM 177 Extra"]
[Source "ChessBase"]
[SourceDate "2017.04.27"]
[SourceVersion "1"]
[SourceVersionDate "2017.04.27"]
[SourceQuality "1"]

1. d4 Nf6 2. c4 e6 3. Nf3 d5 4. Nc3 Be7 5. cxd5 exd5 6. Bg5 c6 7. e3 Nbd7 8. Bd3 Nf8 9. Qc2 Ne6 10. Bh4 h6 11. 0-0-0 Bd6 12. Bg3 Qc7 13. Ne5 Bd7 14. f4 c5 15. Nxd7 Kxd7 16. Nb5 Qa5 17. Nxd6 cxd4 18. f5 Nd8 19. Kb1 a6 20. Rc1 dxe3 21. Nxb7 Nxb7 22. Qc6+ Ke7 23. Qxb7+ Nd7 24. Rc7 Rhd8 25. Be1 Qa4 26. Bb4+ Ke8 27. Re1 1-0